<?xml version="1.0" encoding="UTF-8"?><?xml-stylesheet type="text/xsl" href="static/style.xsl"?><OAI-PMH xmlns="http://www.openarchives.org/OAI/2.0/" xmlns:xsi="http://www.w3.org/2001/XMLSchema-instance" xsi:schemaLocation="http://www.openarchives.org/OAI/2.0/ http://www.openarchives.org/OAI/2.0/OAI-PMH.xsd"><responseDate>2026-04-13T06:20:51Z</responseDate><request verb="GetRecord" identifier="oai:www.recercat.cat:2117/90924" metadataPrefix="marc">https://recercat.cat/oai/request</request><GetRecord><record><header><identifier>oai:recercat.cat:2117/90924</identifier><datestamp>2025-07-17T07:01:52Z</datestamp><setSpec>com_2072_1033</setSpec><setSpec>col_2072_452950</setSpec></header><metadata><record xmlns="http://www.loc.gov/MARC21/slim" xmlns:dcterms="http://purl.org/dc/terms/" xmlns:xsi="http://www.w3.org/2001/XMLSchema-instance" xmlns:doc="http://www.lyncode.com/xoai" xsi:schemaLocation="http://www.loc.gov/MARC21/slim http://www.loc.gov/standards/marcxml/schema/MARC21slim.xsd">
   <leader>00925njm 22002777a 4500</leader>
   <datafield ind2=" " ind1=" " tag="042">
      <subfield code="a">dc</subfield>
   </datafield>
   <datafield ind2=" " ind1=" " tag="720">
      <subfield code="a">Romo Orozco, J. M.</subfield>
      <subfield code="e">author</subfield>
   </datafield>
   <datafield ind2=" " ind1=" " tag="720">
      <subfield code="a">Marmolejo Duarte, Carlos Ramiro</subfield>
      <subfield code="e">author</subfield>
   </datafield>
   <datafield ind2=" " ind1=" " tag="720">
      <subfield code="a">Daumal Domènech, Francesc de Paula</subfield>
      <subfield code="e">author</subfield>
   </datafield>
   <datafield ind2=" " ind1=" " tag="260">
      <subfield code="c">2016</subfield>
   </datafield>
   <datafield ind2=" " ind1=" " tag="520">
      <subfield code="a">En España, la última década se caracterizó por la aparición de una legislación conducente a mejorar la calidad acústica de los espacios habitables. Esta política es la respuesta a la emergencia de una cultura del confort acústico y un reconocimiento de los perjuicios del ruido ambiental. En el ámbito de la edificación se ha apostado, a través del DB-HR del CTE, por una mayor exigencia del nivel de aislamiento. En este artículo se investiga hasta qué punto el sobrecoste de construcción, asociado al cambio normativo, queda compensado por la disposición a pagar por las viviendas mejor insonorizadas. Mediante el uso de la valoración contingente y de una novedosa auralización, se ha resuelto el reto que supone la valoración de un bien público e intangible como el silencio. Los resultados, para el mercado de nueva planta de vivienda plurifamiliar en Barcelona, sugieren que los usuarios potenciales están dispuestos a pagar por la mejora, a tal grado que el sobrevalor compensa, e incluso supera, al sobrecoste de producción. En definitiva, los promotores de vivienda libre podrían ver incrementada la rentabilidad de sus Inversiones si la disposición a pagar acabase convirtiéndose en un market premium. Beneficios privados que podrían sumarse a los sociales de la reducción de la morbilidad y la mortalidad producida por los inaceptables niveles de ruido de nuestras ciudades compactas.</subfield>
   </datafield>
   <datafield ind2=" " ind1=" " tag="520">
      <subfield code="a">Postprint (published version)</subfield>
   </datafield>
   <datafield tag="653" ind2=" " ind1=" ">
      <subfield code="a">Àrees temàtiques de la UPC::Edificació::Dret immobiliari</subfield>
   </datafield>
   <datafield tag="653" ind2=" " ind1=" ">
      <subfield code="a">Àrees temàtiques de la UPC::Física::Acústica::Acústica arquitectònica</subfield>
   </datafield>
   <datafield tag="653" ind2=" " ind1=" ">
      <subfield code="a">Real property -- Legislation -- Spain</subfield>
   </datafield>
   <datafield tag="653" ind2=" " ind1=" ">
      <subfield code="a">Architectural acoustics -- Legislation -- Spain</subfield>
   </datafield>
   <datafield tag="653" ind2=" " ind1=" ">
      <subfield code="a">Control del ruido</subfield>
   </datafield>
   <datafield tag="653" ind2=" " ind1=" ">
      <subfield code="a">Valoración contingente</subfield>
   </datafield>
   <datafield tag="653" ind2=" " ind1=" ">
      <subfield code="a">Modelos logísticos</subfield>
   </datafield>
   <datafield tag="653" ind2=" " ind1=" ">
      <subfield code="a">Acústica arquitectònica -- Legislació -- Espanya</subfield>
   </datafield>
   <datafield tag="653" ind2=" " ind1=" ">
      <subfield code="a">Bens immobles -- Legislació -- Espanya</subfield>
   </datafield>
   <datafield ind2="0" ind1="0" tag="245">
      <subfield code="a">¿Está compensado el sobrecoste de una mejor insonorización? Una evaluación para el mercado residencial barcelonés</subfield>
   </datafield>
</record></metadata></record></GetRecord></OAI-PMH>